Higher or Lower Quiz Stats

 Plays Quiz not verified by Sporcle

Score 0/15 Timer 03:00
0 Plays Today
Clue Higher or Lower % Correct
????
100%
????
81.4%
????
75.9%
????
74.3%
????
72.7%
????
70.4%
????
68%
????
67.6%
Clue Higher or Lower % Correct
????
67.6%
????
63.6%
????
63.6%
????
62.5%
????
60.1%
????
56.1%
????
39.5%

You're not logged in!

Compare scores with friends on all Sporcle quizzes.
OR
Log In

You Might Also Like...

Show Comments

Extras

Top Quizzes Today


Score Distribution

Your Account Isn't Verified!

In order to create a playlist on Sporcle, you need to verify the email address you used during registration. Go to your Sporcle Settings to finish the process.

Report this User

Report this user for behavior that violates our Community Guidelines.

Details: